| 000 | 00947nam a22002777a 4500 | ||
|---|---|---|---|
| 003 | CHAP | ||
| 005 | 20220329140927.0 | ||
| 008 | 971013s1995 r 00010 d | ||
| 010 | _a59913 | ||
| 011 | _a60885 | ||
| 035 | _a65048 | ||
| 040 | _cCHAP | ||
| 082 |
_a972.72 I52 _bOax. |
||
| 110 |
_aInstituto Nacional de Estadística, Geografía e Informática. México _959304 |
||
| 245 |
_aOaxaca hablantes de lengua indígena _b: perfil sociodemográfico |
||
| 260 |
_aAguascalientes, Ags. : _bINEGI, _c1995 |
||
| 300 |
_a90 p. _b; gráfs. |
||
| 590 |
_aBATCH-UPD _b10 _c20130110 _lUCH01 _h0202 |
||
| 590 |
_aBATCH-UPD _b10 _c20130110 _lUCH01 _h0850 |
||
| 590 |
_aCONVERSION _b10 _c20130109 _lUCH01 _h1332 |
||
| 650 | 1 | 4 |
_aIndios de Oaxaca _xCondiciones sociales. _957647 |
| 650 | 1 | 4 |
_aIndios de Oaxaca _xLenguas. _957650 |
| 901 | _aBK | ||
| 942 | _cLIBRO | ||
| 949 |
_a972.72 I52 Oax. _bBC _cINEGI _d33724000602249 _eINEGI _gI. c/e _h90366 _i65048 _si _t17.00 |
||
| 999 |
_c59913 _d59913 |
||